Noem de grootste en bekendste steden en plaatsen in Overijssel - Statistieken

Algemene statistieken
  • Deze quiz is 7 keer genomen
  • De gemiddelde score is 16 van 38
Antwoordstatistieken
Antwoord % Correct
Kampen
100%
Zwolle
100%
Almelo
86%
Deventer
86%
Enschede
86%
Hengelo
86%
Raalte
71%
Hellendoorn
57%
Oldenzaal
57%
Ommen
57%
Staphorst
57%
Borne
43%
Dalfsen
43%
Dedemsvaart
43%
Genemuiden
43%
Haaksbergen
43%
Hardenberg
43%
Hasselt
43%
Slagharen
43%
Zwartsluis
43%
Delden
29%
Holten
29%
Losser
29%
Nijverdal
29%
Rouveen
29%
Steenwijk
29%
Tubbergen
29%
Wierden
29%
Wijhe
29%
Denekamp
14%
Goor
14%
Heino
14%
Markelo
14%
NieuwlLeusen
14%
Ootmarsum
14%
Vollenhoven
0%
Vroomshoop
0%
Wanneperveen
0%
Geen overeenkomende quizzen gevonden
Scoreverdeling
Procent van Mensen met Elke Score
Percentiel versus Aantal Correcte Antwoorden
Uw Scoregeschiedenis
U heeft deze quiz nog niet genomen